|
|
|
|
| LEADER |
00000nab a2200000 4500 |
| 001 |
vtls012264584 |
| 003 |
SK-MaSNL |
| 005 |
20260426073727.0 |
| 008 |
241002c2021 xo er|n || ||00 c0ukr |
| 015 |
|
|
|a SNBRB2024/10
|
| 038 |
|
|
|a SVKPOCL
|
| 040 |
|
|
|a SVKPOCL
|b slo
|c SVKPOCL
|e rda
|
| 041 |
0 |
|
|a ukr
|
| 043 |
|
|
|a e-xo---
|
| 044 |
|
|
|a xo
|c SK
|
| 072 |
|
7 |
|a 336.1/.5
|x Verejné financie
|2 konspekt
|
| 080 |
|
|
|a 336.143
|2 2011
|
| 080 |
|
|
|a 336.22
|2 2011
|
| 080 |
|
|
|a (437.67)
|2 2011
|
| 080 |
|
|
|a (437.6)
|2 2011
|
| 100 |
1 |
|
|a Medviď, Peter,
|d 1981-
|4 aut
|9 268505
|
| 245 |
1 |
0 |
|a Znova je vekšŷna všŷtkoho pozaperana...
|c Petro Medviď
|
| 336 |
|
|
|a text
|b txt
|2 rdacontent
|
| 337 |
|
|
|a bez média
|b n
|2 rdamedia
|
| 338 |
|
|
|a zväzok
|b nc
|2 rdacarrier
|
| 500 |
|
|
|a V rubrike Aktualno Stovpčik
|
| 648 |
|
7 |
|a 20210
|2 svkpocl
|9 1338774
|
| 650 |
0 |
7 |
|a dane a odvody
|2 svkpocl
|9 1097312
|
| 650 |
0 |
7 |
|a komentár (publikačný typ)
|2 svkpocl
|9 866536
|
| 650 |
0 |
7 |
|a živnostenské podnikanie
|2 SNKPH
|9 1774
|
| 651 |
|
7 |
|a Slovensko východné
|2 SNKPHgeo
|9 161134
|
| 651 |
|
7 |
|a Slovensko
|2 SNKPHgeo
|9 14231
|
| 773 |
0 |
|
|t NN info Rusyn
|g Roč. XVIII (30), č. 22 (2021), s. 3
|x 2454-0013
|
| 852 |
|
|
|a SVKPO
|b KIS3GCP
|
| 958 |
|
|
|a RN
|
| 958 |
|
|
|a SS
|
| 958 |
|
|
|a SK
|
| 958 |
|
|
|a NM
|
| 999 |
|
|
|c 2716690
|d 2718620
|